[Event "European Youth Chess Championship B12"]
[Site "Prague, Top Hotel Prague"]
[Date "2016.08.24"]
[Round "6.20"]
[White "Stoian, Cristian-Georgian"]
[Black "Uzumcu, Ahmet Utku"]
[Result "1/2-1/2"]
[WhiteElo "1826"]
[BlackElo "2047"]
[PlyCount "85"]
[EventDate "2016.08.18"]

1. e4 c5 2. Nf3 d6 3. d4 cxd4 4. Qxd4 Nc6 5. Bb5 Bd7 6. Bxc6 Bxc6 7. Nc3 e5 8.
Qd3 h6 9. O-O Nf6 10. Be3 Be7 11. Nd2 O-O 12. Rad1 Qc7 13. Nd5 Nxd5 14. exd5
Bd7 15. f4 exf4 16. Bxf4 Rac8 17. c4 b5 18. b3 Qb6+ 19. Kh1 bxc4 20. Nxc4 Qa6
21. Qg3 Rfd8 22. Bxh6 Bf8 23. Rf2 Be8 24. Rd4 Qb7 25. h3 Qe7 26. Rg4 f6 27. Qh4
Bd7 28. Re4 Qf7 29. Qg3 Rc5 30. Nxd6 Bxd6 31. Qxd6 Rxd5 32. Qg3 Bc8 33. Rfe2
Rd3 34. R4e3 R3d7 35. Bf4 Bb7 36. Kh2 Ba6 37. Re1 Rd3 38. Rxd3 Rxd3 39. Qf2 Qd7
40. Qc5 Rd5 41. Qe7 Qf5 42. Qe6+ Qxe6 43. Rxe6 1/2-1/2

[Event "European Youth Chess Championship B12"]
[Site "Prague, Top Hotel Prague"]
[Date "2016.08.24"]
[Round "6.21"]
[White "Spyropoulos, Nikolaos"]
[Black "Horobrijs, Daniils"]
[Result "1-0"]
[WhiteElo "2045"]
[BlackElo "1829"]
[PlyCount "69"]
[EventDate "2016.08.18"]

1. e4 c5 2. Nf3 Nc6 3. d4 cxd4 4. Nxd4 Nf6 5. Nc3 e5 6. Ndb5 d6 7. Bg5 a6 8.
Na3 b5 9. Nd5 Be7 10. Bxf6 Bxf6 11. c3 Bg5 12. Nc2 O-O 13. a4 bxa4 14. Rxa4 a5
15. Bc4 Rb8 16. b3 Kh8 17. h4 Be7 18. Nce3 Be6 19. g3 Rg8 20. Qd3 g6 21. Ra2
Qd7 22. Rd2 Rgd8 23. Bb5 Bf8 24. Ba4 Qc8 25. h5 Ne7 26. hxg6 fxg6 27. Nf6 h6
28. c4 Kg7 29. Ned5 Qc5 30. f4 Nxd5 31. exd5 Bd7 32. Nxd7 Rxd7 33. f5 Qa3 34.
Qe2 Qa1+ 35. Rd1 1-0

[Event "European Youth Chess Championship B12"]
[Site "Prague, Top Hotel Prague"]
[Date "2016.08.24"]
[Round "6.22"]
[White "Mochalin, Faddey"]
[Black "Pobor, Milo"]
[Result "1-0"]
[WhiteElo "2020"]
[BlackElo "1817"]
[PlyCount "83"]
[EventDate "2016.08.18"]

1. e4 c5 2. Nf3 Nc6 3. d4 cxd4 4. Nxd4 Nf6 5. Nc3 e5 6. Ndb5 d6 7. Bg5 a6 8.
Na3 b5 9. Nd5 Be7 10. Bxf6 Bxf6 11. c3 Bg5 12. Nc2 O-O 13. a4 bxa4 14. Rxa4 a5
15. Bc4 Rb8 16. b3 Bd7 17. O-O Ne7 18. Nxe7+ Bxe7 19. Ra2 Bc6 20. Qd3 Qb6 21.
Ne3 Qc5 22. Rfa1 Bd8 23. Rd1 Bc7 24. Bd5 Bxd5 25. Qxd5 Qxd5 26. Nxd5 Bd8 27.
Ra3 Re8 28. Kf1 f6 29. Ke2 Bb6 30. Rb1 Kf7 31. Nxb6 Rxb6 32. Rxa5 Reb8 33. b4
Ke7 34. Ra7+ R8b7 35. Rxb7+ Rxb7 36. Kd3 Kd7 37. Ra1 Kc6 38. Kc4 g6 39. g4 f5
40. Ra6+ Kd7 41. gxf5 gxf5 42. exf5 1-0

[Event "European Youth Chess Championship B12"]
[Site "Prague, Top Hotel Prague"]
[Date "2016.08.24"]
[Round "6.23"]
[White "Nguyen, Lucas"]
[Black "Petkov, Momchil"]
[Result "0-1"]
[WhiteElo "1806"]
[BlackElo "1997"]
[PlyCount "94"]
[EventDate "2016.08.18"]

1. e4 c5 2. Nf3 Nc6 3. d4 cxd4 4. Nxd4 g6 5. c4 Bg7 6. Be3 Nf6 7. Nc3 d6 8. Be2
O-O 9. O-O Bd7 10. Rc1 a5 11. b3 a4 12. Nxa4 Nxd4 13. Bxd4 Bxa4 14. bxa4 Nxe4
15. Bf3 Nc5 16. Bxc5 dxc5 17. Bxb7 Qxd1 18. Rfxd1 Rxa4 19. Rc2 Bd4 20. Bc6 Ra3
21. g3 Rb8 22. Bb5 e5 23. Kg2 f5 24. Re1 Kf7 25. h4 Kf6 26. Ree2 h6 27. Rc1
Rba8 28. Rcc2 g5 29. hxg5+ hxg5 30. g4 fxg4 31. Bd7 Rh8 32. Bxg4 Rh4 33. f3 Rd3
34. Red2 Rxd2+ 35. Rxd2 e4 36. a4 e3 37. Re2 Rh7 38. a5 Ra7 39. Ra2 Ke5 40. a6
Bc3 41. Bd7 Rxd7 42. a7 Rd2+ 43. Rxd2 exd2 44. a8=Q d1=Q 45. Qh8+ Kf4 46. Qxc3
Qe2+ 47. Kg1 Qe3+ 0-1

[Event "European Youth Chess Championship B12"]
[Site "Prague, Top Hotel Prague"]
[Date "2016.08.24"]
[Round "6.24"]
[White "Minko, Dmitry"]
[Black "Koziorowicz, Michal"]
[Result "1-0"]
[WhiteElo "1960"]
[BlackElo "1816"]
[PlyCount "51"]
[EventDate "2016.08.18"]

1. e4 c5 2. Nf3 d6 3. d4 cxd4 4. Nxd4 Nf6 5. Nc3 g6 6. Be3 Bg7 7. f3 O-O 8. Qd2
Nc6 9. g4 Be6 10. Nxe6 fxe6 11. O-O-O Qa5 12. Kb1 Rfc8 13. h4 Ne5 14. Be2 Nc4
15. Bxc4 Rxc4 16. h5 Rac8 17. hxg6 Rb4 18. Bd4 Rxd4 19. Qxd4 Nd5 20. Nxd5 Bxd4
21. Nxe7+ Kg7 22. Rxh7+ Kf6 23. f4 e5 24. g5+ Ke6 25. Nxc8 Qd8 26. f5# 1-0

[Event "European Youth Chess Championship B12"]
[Site "Prague, Top Hotel Prague"]
[Date "2016.08.24"]
[Round "6.25"]
[White "Vantuch, Lucian"]
[Black "Bochnicka, Vladimir"]
[Result "1-0"]
[WhiteElo "1796"]
[BlackElo "1953"]
[PlyCount "75"]
[EventDate "2016.08.18"]

1. e4 c5 2. Nf3 Nc6 3. d4 cxd4 4. Nxd4 Nf6 5. Nc3 e5 6. Ndb5 d6 7. Bg5 a6 8.
Na3 b5 9. Bxf6 gxf6 10. Nd5 Bg7 11. c3 f5 12. exf5 Bxf5 13. Nc2 Be6 14. Nce3
Bh6 15. Be2 Bxe3 16. fxe3 Ne7 17. Nf6+ Kf8 18. e4 Ng6 19. O-O Nf4 20. Nh5 Nxe2+
21. Qxe2 Bc4 22. Qg4 Rg8 23. Qf5 Bxf1 24. Rxf1 Ra7 25. Nf6 Rg6 26. h4 Qb6+ 27.
Rf2 Qb7 28. h5 Rg7 29. Nxh7+ Kg8 30. Nf6+ Kh8 31. Ne8 Rh7 32. Nxd6 Qd7 33.
Qxe5+ Kg8 34. Ne8 Qe7 35. Nf6+ Kh8 36. Qb8+ Kg7 37. Qg8+ Kh6 38. Qxh7+ 1-0

[Event "European Youth Chess Championship B12"]
[Site "Prague, Top Hotel Prague"]
[Date "2016.08.24"]
[Round "6.26"]
[White "Kevlishvili, Nika"]
[Black "Marn, Jan"]
[Result "0-1"]
[WhiteElo "1788"]
[BlackElo "1896"]
[PlyCount "106"]
[EventDate "2016.08.18"]

1. Nf3 d5 2. g3 e6 3. Bg2 Nf6 4. O-O Bd6 5. c4 O-O 6. d3 c5 7. Nc3 d4 8. Nb1
Nc6 9. Bg5 h6 10. Bxf6 Qxf6 11. Nbd2 Qd8 12. a3 a5 13. e3 e5 14. exd4 cxd4 15.
Re1 Re8 16. Qc2 Kh8 17. Rab1 a4 18. h3 f5 19. Nf1 Bc5 20. Rbd1 Qf6 21. Kh1 Be6
22. N3h2 Bg8 23. g4 e4 24. dxe4 f4 25. Nd2 Ne5 26. Nhf3 d3 27. Qc3 Bxf2 28. Rf1
Be3 29. Nxe5 Qxe5 30. Qxe5 Rxe5 31. Rfe1 Bxd2 32. Rxd2 Bxc4 33. Rc1 b5 34. Kg1
Rf8 35. Bf3 Rd8 36. Kf2 Rd4 37. Rcd1 g5 38. Bg2 Kg7 39. Bf3 Kf6 40. Rc1 Re8 41.
Rc3 Ke5 42. Ke1 Rxe4+ 43. Bxe4 Kxe4 44. Kf2 Kd4 45. Rc1 Re3 46. Rh1 Ke4 47. h4
Rf3+ 48. Ke1 Rg3 49. hxg5 hxg5 50. Rh8 f3 51. Re8+ Kf4 52. Kf1 Rg2 53. Rf8+ Ke3
0-1

[Event "European Youth Chess Championship B12"]
[Site "Prague, Top Hotel Prague"]
[Date "2016.08.24"]
[Round "6.27"]
[White "Astner, Sebastian"]
[Black "Melkumiants, Alexandr"]
[Result "1/2-1/2"]
[WhiteElo "1893"]
[BlackElo "1794"]
[PlyCount "130"]
[EventDate "2016.08.18"]

{No moves yet, please connect to the cloud server} 1. e4 c5 2. Nf3 d6 3. d4
cxd4 4. Qxd4 a6 5. c4 Nc6 6. Qe3 g6 7. Bd3 Bg7 8. O-O Nf6 9. h3 O-O 10. Nc3 Nd7
11. Bd2 Nde5 12. Rad1 Nxf3+ 13. Qxf3 Ne5 14. Qe2 Nxd3 15. Qxd3 Be6 16. b3 Rc8
17. Be3 b5 18. Nd5 bxc4 19. bxc4 Bxd5 20. cxd5 Qa5 21. Rd2 Rc3 22. Qe2 Rfc8 23.
Bd4 Bxd4 24. Rxd4 Rc2 25. Qe1 Qxe1 26. Rxe1 Rxa2 27. e5 Rcc2 28. exd6 exd6 29.
Rf4 Kf8 30. Rb1 Rab2 31. Ra1 Rb6 32. Rfa4 Rbb2 33. Rf4 Rb6 34. Rfa4 Rd2 35.
Rxa6 Rbb2 36. Ra8+ Kg7 37. Rf1 Rxd5 38. g4 Rdd2 39. Kg2 d5 40. Rd8 d4 41. Kf3
Rb3+ 42. Kg2 Kf6 43. Re1 Rbb2 44. Rd6+ Kg5 45. Rf1 Rb3 46. Rd7 Kh4 47. Rxf7
Rg3+ 48. Kh1 Rxh3+ 49. Kg1 Kxg4 50. Re1 Rh4 51. Re4+ Kg5 52. Rxh4 Kxh4 53.
Rxh7+ Kg4 54. Kf1 d3 55. Rd7 Rd1+ 56. Kg2 g5 57. Rd4+ Kf5 58. Kf3 Ke5 59. Rd8
Kf5 60. Ke3 Re1+ 61. Kd2 Ra1 62. Rxd3 Kf4 63. Ke2 g4 64. Rd4+ Kf5 65. Ke3 Ra3+
1/2-1/2

[Event "European Youth Chess Championship B12"]
[Site "Prague, Top Hotel Prague"]
[Date "2016.08.24"]
[Round "6.28"]
[White "Poltorak, Sebastian"]
[Black "Verma, Aditya"]
[Result "0-1"]
[WhiteElo "1763"]
[BlackElo "1890"]
[PlyCount "64"]
[EventDate "2016.08.18"]

1. d4 d5 2. c4 c6 3. Nc3 Nf6 4. Nf3 e6 5. cxd5 exd5 6. Bg5 Nbd7 7. e3 Be7 8.
Bd3 O-O 9. Qc2 Re8 10. O-O Nf8 11. Rab1 a5 12. a3 Ng6 13. b4 Bd6 14. Rfe1 Bg4
15. Nd2 h6 16. Bxf6 Qxf6 17. f3 axb4 18. axb4 Bd7 19. Kh1 Nh4 20. f4 Re7 21.
Nf3 Nxf3 22. gxf3 Qh4 23. Qd2 Rae8 24. Re2 Qh3 25. Kg1 Qxf3 26. Rf1 Qg4+ 27.
Kh1 Qh3 28. Ree1 Rxe3 29. Rxe3 Rxe3 30. Rd1 Bg4 31. Be2 Rxe2 32. Nxe2 Qf3+ 0-1

[Event "European Youth Chess Championship B12"]
[Site "Prague, Top Hotel Prague"]
[Date "2016.08.24"]
[Round "6.29"]
[White "Luczak, Filip"]
[Black "Ben Ari, Yannay"]
[Result "1-0"]
[WhiteElo "1749"]
[BlackElo "1883"]
[PlyCount "67"]
[EventDate "2016.08.18"]

1. e4 e5 2. Nf3 Nc6 3. Bb5 d6 4. c3 Bd7 5. O-O Nge7 6. d4 Ng6 7. Re1 Be7 8. d5
Nb8 9. Bf1 a5 10. c4 Na6 11. Nc3 h6 12. Be3 Bg5 13. Nxg5 hxg5 14. g3 b6 15. a3
Qf6 16. Qd2 Nf4 17. f3 Qh6 18. h4 Qg6 19. Kf2 Bh3 20. gxf4 gxf4 21. Bxf4 exf4
22. Qxf4 Bxf1 23. Rxf1 Nc5 24. Rad1 Rh5 25. Nb5 O-O-O 26. Rg1 Qh7 27. Qxf7 Rd7
28. Qe8+ Kb7 29. b4 Rxh4 30. bxc5 Rh2+ 31. Ke3 Qh6+ 32. Kd3 dxc5 33. Qxd7 Qf4
34. Qxc7+ 1-0

[Event "European Youth Chess Championship B12"]
[Site "Prague, Top Hotel Prague"]
[Date "2016.08.24"]
[Round "6.30"]
[White "Decuigniere, Tom"]
[Black "Hakobyan, Eduard"]
[Result "1/2-1/2"]
[WhiteElo "1878"]
[BlackElo "1776"]
[PlyCount "73"]
[EventDate "2016.08.18"]

1. c4 e5 2. g3 Nc6 3. Bg2 g6 4. Nc3 Bg7 5. d3 Nf6 6. Rb1 a5 7. a3 O-O 8. b4
axb4 9. axb4 d6 10. b5 Ne7 11. Nd5 Nfxd5 12. cxd5 Bd7 13. Qb3 Ra5 14. Qc4 Nc8
15. Be3 f5 16. Nh3 h6 17. f4 Kh7 18. O-O Nb6 19. Bxb6 cxb6 20. Rfc1 g5 21. fxg5
hxg5 22. Qc7 g4 23. Qxd8 Rxd8 24. Ng5+ Kg6 25. Ne6 Rc8 26. Rxc8 Bxc8 27. Rc1
Bxe6 28. dxe6 Kf6 29. Rc7 Bh6 30. Kf2 Kxe6 31. Bxb7 Rxb5 32. Bc8+ Kf6 33. Rh7
Bg5 34. Rh8 Kg7 35. Bd7 Kxh8 36. Bxb5 Kg7 37. e4 1/2-1/2

[Event "European Youth Chess Championship B12"]
[Site "Prague, Top Hotel Prague"]
[Date "2016.08.24"]
[Round "6.31"]
[White "Bilych, Olexiy"]
[Black "Grzesik, Gracjan"]
[Result "1-0"]
[WhiteElo "1860"]
[BlackElo "1734"]
[PlyCount "103"]
[EventDate "2016.08.18"]

1. e4 c5 2. Ne2 d6 3. g3 Nf6 4. Bg2 g6 5. c3 Bg7 6. d4 cxd4 7. cxd4 O-O 8. O-O
e5 9. d5 Nbd7 10. Nbc3 b6 11. f3 Ba6 12. Be3 Qc7 13. Rc1 Qb7 14. a4 Rfc8 15.
Nb5 Bf8 16. Bh3 Bxb5 17. axb5 a6 18. Qd3 axb5 19. Qxb5 Ra5 20. Qb3 Raa8 21. Kg2
Kg7 22. Nc3 Re8 23. Qb5 Be7 24. Qc6 Nc5 25. Bxc5 Qxc6 26. dxc6 bxc5 27. c7 h5
28. Ra1 Rac8 29. Bxc8 Rxc8 30. Ra7 Ne8 31. Nb5 Kf6 32. Rfa1 Ke6 33. Ra8 Nxc7
34. Rxc8 Nxb5 35. Ra5 Nd4 36. Ra7 Bg5 37. h4 Bc1 38. Rcc7 g5 39. Re7+ Kf6 40.
Rxf7+ Kg6 41. Rg7+ Kh6 42. Rgd7 Nb5 43. Rab7 gxh4 44. Rxb5 hxg3 45. Rxd6+ Kg5
46. Kxg3 Be3 47. Rbb6 h4+ 48. Kh3 Kh5 49. Rg6 c4 50. Rbc6 Bd4 51. Rg4 Bf2 52.
Rc8 1-0

[Event "European Youth Chess Championship B12"]
[Site "Prague, Top Hotel Prague"]
[Date "2016.08.24"]
[Round "6.32"]
[White "Ratnesan, Ranesh"]
[Black "Carbonell, Sancho Marc"]
[Result "1/2-1/2"]
[WhiteElo "1714"]
[BlackElo "1857"]
[PlyCount "95"]
[EventDate "2016.08.18"]

1. d4 Nf6 2. c4 g6 3. Nc3 Bg7 4. g3 O-O 5. Bg2 d6 6. Nf3 Nc6 7. O-O Bg4 8. d5
Bxf3 9. exf3 Ne5 10. b3 Ned7 11. Bb2 c6 12. f4 Rc8 13. Rc1 Nb6 14. Bh3 Rb8 15.
Qd2 Re8 16. Bg2 Qd7 17. Rfd1 c5 18. Ne4 Nxe4 19. Bxe4 Na8 20. Bxg7 Kxg7 21. f5
Nc7 22. Qg5 Qd8 23. Qf4 b5 24. h4 Rb6 25. h5 Rf8 26. Kg2 e5 27. fxe6 fxe6 28.
Qe3 exd5 29. Bxd5 Qf6 30. hxg6 Nxd5 31. Rxd5 bxc4 32. Rxc4 hxg6 33. Rh4 Rh8 34.
Rxh8 Kxh8 35. Qh6+ Kg8 36. Rg5 Kf7 37. Qh7+ Qg7 38. Qh4 Rb4 39. Qh3 Ke7 40. Qc8
Rd4 41. Qc7+ Kf6 42. Qd8+ Kf7 43. Qd7+ Kf8 44. Qd8+ Kf7 45. Qd7+ Kg8 46. Qe6+
Kh7 47. Qh3+ Kg8 48. Qc8+ 1/2-1/2

[Event "European Youth Chess Championship B12"]
[Site "Prague, Top Hotel Prague"]
[Date "2016.08.24"]
[Round "6.33"]
[White "Schernthaner, David"]
[Black "Husa, Daniel"]
[Result "1-0"]
[WhiteElo "1844"]
[BlackElo "1488"]
[PlyCount "105"]
[EventDate "2016.08.18"]

1. e4 e6 2. d4 d5 3. Nd2 Nc6 4. Ngf3 Nf6 5. e5 Nd7 6. c3 f6 7. exf6 Qxf6 8. Qb3
Bd6 9. Bd3 O-O 10. O-O Nb6 11. Re1 e5 12. Ne4 Qe7 13. Nxd6 cxd6 14. dxe5 Nxe5
15. Nxe5 dxe5 16. Be3 Qe6 17. Bxb6 axb6 18. c4 Qf6 19. Re2 e4 20. Bc2 Bg4 21.
Rd2 Bf3 22. Qe3 Qg6 23. g3 Qh5 24. Qe1 Rf6 25. Rxd5 Qg4 26. Bd1 Rg6 27. Bxf3
exf3 28. Qf1 Rf8 29. Rad1 Re6 30. R1d4 Qg6 31. Qd1 Qf6 32. Rf4 Qe7 33. Qxf3 Re8
34. Rdf5 Qb4 35. a3 Qe7 36. Rf7 Qd6 37. Qxb7 Rg6 38. Qd5 Qxd5 39. cxd5 h6 40.
Rb7 Re1+ 41. Kg2 Rb1 42. Rd4 Rd6 43. Rg4 g5 44. h4 Rxd5 45. hxg5 hxg5 46. Rxb6
Kf7 47. Rc4 Ke7 48. Rc7+ Kd8 49. Rg7 Kc8 50. Rbg6 Kb8 51. Rh6 Rd8 52. Rb6+ Ka8
53. Rxg5 1-0

[Event "European Youth Chess Championship B12"]
[Site "Prague, Top Hotel Prague"]
[Date "2016.08.24"]
[Round "6.34"]
[White "Karacsonyi, Gellert"]
[Black "Stoyanov, Georgi"]
[Result "0-1"]
[WhiteElo "2122"]
[BlackElo "1810"]
[PlyCount "64"]
[EventDate "2016.08.18"]

1. e4 c6 2. d4 d5 3. exd5 cxd5 4. Bd3 Nc6 5. c3 Nf6 6. Bg5 Qb6 7. Qb3 Qxb3 8.
axb3 h6 9. Bf4 g5 10. Bg3 Nh5 11. b4 b6 12. Ne2 Bg7 13. f3 Nxg3 14. Nxg3 O-O
15. Nf5 Bxf5 16. Bxf5 e6 17. Bd3 e5 18. dxe5 Nxe5 19. Be2 a5 20. b5 Rfe8 21.
Kf2 Ng6 22. g3 d4 23. Rd1 Rac8 24. cxd4 Rc2 25. Nc3 Rxb2 26. Ra2 Rexe2+ 27.
Nxe2 Rxa2 28. d5 Ne5 29. d6 Nd7 30. Rc1 Bd4+ 31. Kf1 Ra1 32. Rxa1 Bxa1 0-1

[Event "European Youth Chess Championship B12"]
[Site "Prague, Top Hotel Prague"]
[Date "2016.08.24"]
[Round "6.35"]
[White "Nguyen, Thai Dai Vinh"]
[Black "Tsaruk, Maksim"]
[Result "1-0"]
[WhiteElo "1774"]
[BlackElo "2098"]
[PlyCount "103"]
[EventDate "2016.08.18"]

1. e4 e5 2. Nf3 Nc6 3. d4 exd4 4. Nxd4 Nf6 5. Nxc6 bxc6 6. e5 Qe7 7. Qe2 Nd5 8.
c4 Ba6 9. b3 g6 10. f4 Bg7 11. Qf2 Nf6 12. Ba3 Qe6 13. Nd2 Ng4 14. Qe2 O-O-O
15. O-O-O d5 16. h3 Nh6 17. Qf2 f6 18. Qxa7 Bb7 19. b4 fxe5 20. Nb3 c5 21.
Qxb7+ Kxb7 22. Nxc5+ Kb8 23. Nxe6 Rd7 24. cxd5 Nf5 25. Bb5 Re7 26. g4 Nd6 27.
Bc6 Nc4 28. Bb2 Nxb2 29. Kxb2 exf4+ 30. Nxg7 Rxg7 31. Rhf1 g5 32. a4 h5 33. Rf3
hxg4 34. hxg4 Rh2+ 35. Kc3 Re7 36. Rd2 Rh4 37. Rg2 Rh1 38. a5 Ka7 39. b5 Ra1
40. Rd3 Ra3+ 41. Kd4 Rxa5 42. Kc5 Re1 43. d6 cxd6+ 44. Rxd6 Rc1+ 45. Kb4 Kb6
46. Be8+ Kc7 47. Rgd2 Raa1 48. Rd7+ Kb8 49. Rd8+ Rc8 50. Rxc8+ Kxc8 51. Kc5 Re1
52. Bc6 1-0

[Event "European Youth Chess Championship B12"]
[Site "Prague, Top Hotel Prague"]
[Date "2016.08.24"]
[Round "6.36"]
[White "Pajcin, Lav"]
[Black "Dardha, Daniel"]
[Result "1/2-1/2"]
[WhiteElo "1735"]
[BlackElo "2095"]
[PlyCount "111"]
[EventDate "2016.08.18"]

1. e4 c5 2. Nf3 Nc6 3. d3 g6 4. c3 d5 5. Nbd2 Bg7 6. Be2 e5 7. O-O Nf6 8. exd5
Nxd5 9. Ne4 b6 10. d4 cxd4 11. Bb5 Bb7 12. cxd4 O-O 13. Bxc6 Bxc6 14. Nxe5 Bb7
15. Qa4 Ne7 16. Nc3 a6 17. Be3 b5 18. Qb3 Nd5 19. Nxd5 Bxd5 20. Qc3 Rc8 21. Qd2
Be6 22. b3 Qd5 23. Bh6 Bxh6 24. Qxh6 Qxd4 25. Nf3 Qg7 26. Qf4 Rfd8 27. Rad1 h6
28. h4 Kh7 29. Rxd8 Rxd8 30. Qc7 Qf8 31. Re1 Qd6 32. Rc1 Qxc7 33. Rxc7 Rd1+ 34.
Kh2 Ra1 35. Nd4 Bd5 36. Rd7 Be4 37. Rxf7+ Kg8 38. Re7 Bd3 39. Re3 Bf1 40. Re6
Rxa2 41. Kg3 Kf7 42. Rc6 Ra3 43. Kf3 a5 44. Kf4 Ra1 45. Rc7+ Kf6 46. Rc6+ Kf7
47. g4 a4 48. Rc7+ Ke8 49. Ra7 Rd1 50. Ke5 axb3 51. Nxb3 Bc4 52. Nd4 Rh1 53.
Rb7 Rxh4 54. Nxb5 Bxb5 55. Rxb5 Rxg4 56. f4 1/2-1/2

[Event "European Youth Chess Championship B12"]
[Site "Prague, Top Hotel Prague"]
[Date "2016.08.24"]
[Round "6.37"]
[White "Bacrot, Alexandre"]
[Black "Lukyanenko, Artemiy"]
[Result "1-0"]
[WhiteElo "1961"]
[BlackElo "1752"]
[PlyCount "69"]
[EventDate "2016.08.18"]

{No moves yet, please connect to the cloud server} 1. e4 d6 2. d4 Nf6 3. Nc3 g6
4. f4 Bg7 5. a3 O-O 6. Nf3 c6 7. Be3 Nbd7 8. Bd3 Qc7 9. h3 e5 10. Qd2 a6 11.
O-O Re8 12. dxe5 dxe5 13. fxe5 Nxe5 14. Nxe5 Qxe5 15. Qf2 Qe6 16. Bd4 Nd7 17.
Bxg7 Kxg7 18. Ne2 Rf8 19. Rad1 Qe5 20. b4 Nf6 21. Qd4 Re8 22. Rde1 Bd7 23. Bc4
Rad8 24. Qxe5 Rxe5 25. Nc3 Be6 26. Bd3 Re8 27. Rf3 Nd7 28. Ne2 Nb6 29. Ref1 Nc4
30. Nd4 Nd6 31. Rf6 Re7 32. R6f4 Bc4 33. Rf6 Be6 34. R6f4 Bc4 35. Nf3 1-0

[Event "European Youth Chess Championship B12"]
[Site "Prague, Top Hotel Prague"]
[Date "2016.08.24"]
[Round "6.38"]
[White "Aalto, Patrik"]
[Black "Coca, Cristi-Iulian"]
[Result "0-1"]
[WhiteElo "1733"]
[BlackElo "1929"]
[PlyCount "88"]
[EventDate "2016.08.18"]

{No moves yet, please connect to the cloud server} 1. e4 c5 2. Nf3 e6 3. d4
cxd4 4. Nxd4 a6 5. Nc3 Qc7 6. Be3 Bb4 7. Nde2 Nf6 8. a3 Be7 9. Na4 Nc6 10. Nb6
Rb8 11. Nc3 Ne5 12. Be2 Bc5 13. Bxc5 Qxc5 14. Nxc8 Rxc8 15. O-O O-O 16. Kh1 Nc4
17. Bxc4 Qxc4 18. Qd3 Rfd8 19. Rad1 b5 20. e5 Ng4 21. Qg3 Nh6 22. f4 b4 23.
axb4 Qxb4 24. Rb1 Nf5 25. Qd3 Rc4 26. Na2 Qc5 27. c3 d5 28. Nb4 a5 29. Nc2 Rb8
30. Na3 Re4 31. Nc2 g6 32. g3 Rb3 33. Rfe1 Rxe1+ 34. Nxe1 Qb6 35. Qe2 Rxc3 36.
Ra1 Rb3 37. Nd3 Ne3 38. Re1 Nc4 39. Rb1 Qd4 40. Rd1 Nxb2 41. Nxb2 Qxb2 42. Qa6
Qc2 43. Qa8+ Kg7 44. Re1 Rb2 0-1

[Event "European Youth Chess Championship B12"]
[Site "Prague, Top Hotel Prague"]
[Date "2016.08.24"]
[Round "6.39"]
[White "Harutyunyan, Safar"]
[Black "Pribyl, Viktor"]
[Result "1-0"]
[WhiteElo "1867"]
[BlackElo "1742"]
[PlyCount "45"]
[EventDate "2016.08.18"]

1. d4 Nf6 2. c4 g6 3. Nc3 d5 4. Nf3 Bg7 5. Bf4 O-O 6. Rc1 c5 7. dxc5 dxc4 8. e4
Qa5 9. e5 Nfd7 10. Bxc4 Nxc5 11. O-O Be6 12. Nd5 Nc6 13. Qe2 Bg4 14. Rfd1 Bxf3
15. Qxf3 Nd7 16. Nxe7+ Nxe7 17. Rxd7 Rac8 18. Qb3 Nc6 19. Rxf7 Rxf7 20. Bxf7+
Kh8 21. Qe6 Rd8 22. Bg5 Qc5 23. g3 1-0

[Event "European Youth Chess Championship B12"]
[Site "Prague, Top Hotel Prague"]
[Date "2016.08.24"]
[Round "6.40"]
[White "Skypala, Ondrej"]
[Black "Koelle, Tobias"]
[Result "1/2-1/2"]
[WhiteElo "1703"]
[BlackElo "1866"]
[PlyCount "96"]
[EventDate "2016.08.18"]

1. e4 e5 2. d4 exd4 3. Qxd4 Nc6 4. Qe3 d6 5. Bd2 Nf6 6. Nc3 Be7 7. O-O-O a6 8.
h3 b5 9. f4 O-O 10. g4 b4 11. Nd5 a5 12. Nxe7+ Qxe7 13. Bg2 Bd7 14. g5 Ne8 15.
f5 a4 16. Ne2 Qe5 17. c3 a3 18. b3 Na5 19. Nd4 c5 20. Nf3 Qe7 21. cxb4 cxb4 22.
Bxb4 Bxf5 23. Nh4 Be6 24. e5 Rc8+ 25. Kb1 Nc6 26. Bxa3 Bd7 27. Rhe1 Ra8 28. Bb2
dxe5 29. Qd2 Ra7 30. Bxc6 Bxc6 31. Nf5 Qb7 32. Qe3 f6 33. gxf6 Rxf6 34. Qxe5
Ra8 35. Ne7+ Kh8 36. Qe3 Rf8 37. Qe6 Bf3 38. Rd7 Qb5 39. Rd4 Ra6 40. Rf4 Qd3+
41. Ka1 Nf6 42. Rxf6 Rxa2+ 43. Kxa2 Ra8+ 44. Qa6 Rxa6+ 45. Rxa6 Qxa6+ 46. Ba3
Qa7 47. Rc1 g6 48. Rc7 Qa5 1/2-1/2

[Event "European Youth Chess Championship B12"]
[Site "Prague, Top Hotel Prague"]
[Date "2016.08.24"]
[Round "6.41"]
[White "Fridensteins-Bridins, Atis"]
[Black "Yaniv, Yuval"]
[Result "0-1"]
[WhiteElo "1347"]
[BlackElo "1845"]
[PlyCount "54"]
[EventDate "2016.08.18"]

1. e4 e5 2. Nf3 Nc6 3. Bb5 a6 4. Ba4 Nf6 5. O-O Be7 6. Re1 b5 7. Bb3 O-O 8. c3
d5 9. exd5 Nxd5 10. Nxe5 Nxe5 11. Rxe5 c6 12. d4 Bd6 13. Re1 Qh4 14. h3 Bxh3
15. Qf3 Bh2+ 16. Kf1 Bg4 17. Qe4 Bf4 18. f3 Bg3 19. Qxg4 Qh1+ 20. Ke2 Qxe1+ 21.
Kd3 Qf1+ 22. Ke4 Rae8+ 23. Kf5 g6+ 24. Kg5 Qxc1+ 25. f4 h6+ 26. Kxh6 Qh1+ 27.
Qh3 Bxf4# 0-1

[Event "European Youth Chess Championship B12"]
[Site "Prague, Top Hotel Prague"]
[Date "2016.08.24"]
[Round "6.42"]
[White "Rokos, Filip"]
[Black "Mathieu, Phileas"]
[Result "0-1"]
[WhiteElo "1687"]
[BlackElo "1835"]
[PlyCount "86"]
[EventDate "2016.08.18"]

{No moves yet, please connect to the cloud server} 1. e4 e6 2. d4 d5 3. Nd2 Nf6
4. e5 Nfd7 5. Bd3 c5 6. c3 Nc6 7. Ne2 cxd4 8. cxd4 f6 9. exf6 Qxf6 10. Nf3 h6
11. O-O Bd6 12. Be3 O-O 13. Qd2 e5 14. dxe5 Ndxe5 15. Nxe5 Nxe5 16. Ng3 Nc6 17.
f3 Be6 18. a3 Be5 19. Rab1 Bxg3 20. hxg3 d4 21. Bf2 Bf5 22. Bxf5 Qxf5 23. Rbd1
Rad8 24. Qd3 Qd5 25. Rfe1 Rfe8 26. Rxe8+ Rxe8 27. b4 a6 28. Rd2 Rd8 29. Rd1 b5
30. f4 Qc4 31. Rd2 Qxd3 32. Rxd3 Kf7 33. Kf1 Ke6 34. Ke2 Kd5 35. Kd2 Kc4 36.
Bg1 Rd5 37. g4 Rd6 38. Bf2 Re6 39. Bg1 Re4 40. Rf3 Ne7 41. Bf2 Nd5 42. g3 Nc3
43. Rd3 Re2+ 0-1

[Event "European Youth Chess Championship B12"]
[Site "Prague, Top Hotel Prague"]
[Date "2016.08.24"]
[Round "6.43"]
[White "Sarginalp, Tuna"]
[Black "Frank, Adam"]
[Result "0-1"]
[WhiteElo "1646"]
[BlackElo "1816"]
[PlyCount "76"]
[EventDate "2016.08.18"]

1. e4 e5 2. Nf3 Nc6 3. Bb5 a6 4. Ba4 Nf6 5. O-O Be7 6. Re1 d6 7. c3 O-O 8. h3
b5 9. Bc2 Bb7 10. d4 exd4 11. cxd4 Nb4 12. d5 Nxc2 13. Qxc2 Nd7 14. Nbd2 Bf6
15. Nb3 Re8 16. Bd2 Ne5 17. Nxe5 Bxe5 18. Bc3 Bc8 19. Rac1 Bf4 20. Bd2 Bxd2 21.
Qxd2 f5 22. exf5 Rxe1+ 23. Qxe1 Bxf5 24. Qa5 Qg5 25. Kh1 Rf8 26. Rxc7 Be4 27.
f3 Bxf3 28. gxf3 Rxf3 29. Rc8+ Kf7 30. Qc7+ Kg6 31. Qc2+ Kh6 32. Qg2 Rg3 33.
Qxg3 Qxg3 34. Rc6 Qxh3+ 35. Kg1 Qg3+ 36. Kh1 Qf3+ 37. Kg1 Qxd5 38. Rxa6 g5 0-1